000 00931nam a2200265 a 4500
001 000002772
005 20200929150244.0
008 840402s1957 sp 001 0bspa
040 _aDO-SdBNP
_bspa
_cBNPHU
082 _aRD860.62
_bA996R, 1957
100 1 _aAzorín,
_d1873-1967
_qJosé Martínez Ruiz
_98734
245 1 0 _aRivas y Larra :
_brazón social del romanticismo en España /
_cAzorín.
250 _a2a ed.
260 _aMadrid :
_bEspasa-Calpe,
_c1957.
300 _a166 p. ;
_c18 cm.
490 1 _aAustrial ;
_v674
650 4 _aLiteratura española
_xColecciones de escritos
_98735
650 4 _aEnsayos españoles
_93095
650 4 _aEspaña
_xVida intelectual
_98736
650 4 _aEspaña
_xDescripción y viajes
_98737
600 1 4 _aRIVAS, ANGEL DE SAAVEDRA,
_cDUQUE DE,
_d1791-1865.
_98738
600 1 4 _aLARRA, MARIANO JOSÉ DE,
_d1809-1837.
_98739
650 4 _aRomanticismo
_98740
830 0 _aAustrial ;
_n674
_98741
999 _c2606
_d2606